Statistiche per Kardashians Iconic Quotes

Clicka qui per fare il quiz!

Statistiche generali

  • Questo quiz è stato fatto 16 volte
  • Il punteggio medio è 19 su 23

Statistiche sulle risposte

HintRisposta% Corretto
The bigger the hoop, the bigger the hoe.Khloé
93%
Don't be f*cking rude!Kim
93%
I'll cry at the end of the day. Not with fresh make up.Kim
93%
Kim, would you stop taking pictures of yourself? Your sister’s going to jail.Kris
93%
When i saw Kim's sex tape, as a mother, I wanted to kill her. But as a her manager...Kris
93%
You’re doing amazing, sweetie.Kris
93%
Daddy is a singer, performer, artist. Mommy has so many talents I can’t even begin to name them.Kim
86%
There’s a lot of baggage that comes with us, but it’s like Louis Vuitton baggage; you always want it.Kim
86%
Kim, there’s people that are dying.Kourtney
86%
Kris: "You have to think about what you're asking for because money doesn't grow on trees"
___: "Yes it does, it's paper"
Kendall
79%
You're gonna die anyway, you understand that right? Die with a good snapchat going through.Khloé
79%
Shopping online is like the greatest invention of lifeKim
79%
If you’re not into what I’m posting, don’t look.Kim
79%
I love when people underestimate me and then become pleasantly surprised.Kim
79%
Being a mom is what life is about. I hope people realize what the priorities in life should be and know not everything has to be perfect.Kourtney
79%
I'm gracing you with my presenceKourtney
79%
ABCDEFGH I have to goKourtney
79%
It's not about affording, it's about radiation.Kourtney
79%
Rise and shineKylie
79%
Attention attention, the witch (Kris Jenner) is deadKhloé
71%
You're so easy to make insecure, wait till I tell you about your f*cking fat a*s in a second.Khloé
71%
I start laughing at Kim when she's crying because I just can't help it, she has this ugly crying face that she makes.Kourtney
71%
Don't f*ck with me. I woke up at 6:30 A.M.Kylie
71%

Distribuzione punteggi

Percentile per numero di risposta

Percentuale di utenti per punteggio

I tuoi punteggi nel tempo

Non hai fatto questo quiz